000 01228cam a2200349 i 4500
001 24177
003 Mx-PuUPA
005 20260220101704.0
008 140415s2018 mx a gr 000 f spa d
020 _a9786070751929
040 _aMx-PuUPA
_bspa
_cMx-PuUPA
_dMx-PuUPA
_erda
041 0 _aspa
043 _as-ag---
100 1 _aSábato, Ernesto R.,
_d1911-2011
_eautor
_92965
245 1 3 _aEl túnel /
_cErnesto Sabato
250 _aPrimera edición /
_bagosto
264 1 _aCiudad de México :
_bSeix Barral,
_c©2018
300 _a185 páginas :
_bilustraciones ;
_c23 cm
336 _2rdacontent
_atexto
_btxt
337 _2rdamedia
_asin medio
_bn
338 _2rdacarrier
_avolumen
_bnc
505 0 _aIncluye un apéndice con textos del autor sobre la novela y el expediente completo de la censura en España
650 7 _2armarc
_aAdicción a las relaciones
_vNovela
650 7 _2armarc
_aConducta compulsiva
_vNovela
650 7 _2armarc
_aPintores
_zArgentina
_zBuenos Aires
_vNovela
650 7 _2armarc
_aAsesinato
_vNovela
655 4 _aNovela
942 _2ddc
_cLI
_h863
_iS53
999 _c24177
_d24177